Normal view MARC view

Entry Personal Name

Number of records used in: 1

001 - CONTROL NUMBER

  • control field: 31701

003 - CONTROL NUMBER IDENTIFIER

  • control field: dpl

005 - DATE AND TIME OF LATEST TRANSACTION

  • control field: 20110805170326.0

008 - FIXED-LENGTH DATA ELEMENTS

  • fixed length control field: 110805|||a|||||| | ||| d

040 ## - CATALOGING SOURCE

  • Original cataloging agency: dpl
  • Transcribing agency: dpl

100 ## - HEADING--PERSONAL NAME

  • Personal name: गोयल, नितिन

670 ## - SOURCE DATA FOUND

  • Source citation: Work cat.: (dpl)50635: गोयल, नितिन, विज्ञान के 51 प्रयोग /, 2010

670 ## - SOURCE DATA FOUND

  • Source citation: Work cat.: (dpl)50635: गोयल, नितिन, विज्ञान के 51 प्रयोग /, 2010

© Delhi Public Library
Hit Counter
free hit counter